000
00287nam a22001217a 4500
008
171024b xxu||||| |||| 00| 0 eng d
041
_a
eng
080
_a
311
100
_a
55
101
_a
STA
245
_a
AN INTRODUCTION TO LINEAR STATISTICAL MODELS
_c
GRAYBILL, F.A
942
_2
udc
_c
BK
999
_c
35678
_d
35678